An Introduction to astronomy (Record no. 3796)

MARC details
000 -LEADER
fixed length control field 00501nam a2200181Ia 4500
003 - CONTROL NUMBER IDENTIFIER
control field IN-BaIIA
008 - FIXED-LENGTH DATA ELEMENTS--GENERAL INFORMATION
fixed length control field 211028s9999 xx 000 0 eng d
040 ## - CATALOGING SOURCE
Transcribing agency IIA Library
080 ## - UNIVERSAL DECIMAL CLASSIFICATION NUMBER
Universal Decimal Classification number 52
Item number BAK
100 ## - MAIN ENTRY--PERSONAL NAME
Personal name Baker, Robert Horace
9 (RLIN) 6739
245 #3 - TITLE STATEMENT
Title An Introduction to astronomy
Statement of responsibility, etc. R. H. Baker and L. W. Frederick
250 ## - EDITION STATEMENT
Edition statement 7th ed.
260 ## - PUBLICATION, DISTRIBUTION, ETC.
Place of publication, distribution, etc. Princeton, N. J.
Name of publisher, distributor, etc. D. Van Nostrand
Date of publication, distribution, etc. 1968
300 ## - PHYSICAL DESCRIPTION
Extent ix, 365p.
650 ## - SUBJECT ADDED ENTRY--TOPICAL TERM
Topical term or geographic name entry element Astronomy
9 (RLIN) 80
700 ## - ADDED ENTRY--PERSONAL NAME
Personal name Frederick, Lawrence W
9 (RLIN) 6740
942 ## - ADDED ENTRY ELEMENTS (KOHA)
Koha item type Books
Holdings
Withdrawn status Lost status Damaged status Not for loan Home library Current library Shelving location Date acquired Cost, normal purchase price Total Checkouts Full call number Barcode Date last seen Cost, replacement price Price effective from Koha item type Purchase Price
        IIA Library-Bangalore IIA Library-Bangalore General Stacks 24/07/1971 50.63   52/ BAK 4238 05/11/2021 50.63 24/07/1971 Books Rs. 50.63

Powered by Koha